000 00670nam a22002297a 4500
003 UA-OsUOA
001 19878
007 ta
008 20041002b un ||||| |||| 00| 0 ukr d
100 _aОксенюк Ю.
090 _bВ-269
942 _cSA
040 _aUA-OsUOA
_bukr
_cUA-OsUOA
_dUA-OsUOA
245 _aКоординація роботи перевізників на міському пасажирському траспорті м,Рівне
300 _aС.90-91
955 _a0
041 _aukr
591 _a74.2
044 _aUA
773 0 _w0
_tВектор дії
_dРівне
_dРМЛ
_g2002
650 7 _aКраєзнавча робота
_2UDC
999 _c306051
_d306051